[Event "IECG CP.2006.P.00013 email"]
[Site "IECG email"]
[Date "2006.10.01"]
[Round "?"]
[White "Gould, Michael"]
[Black "Mills, Mark"]
[Result "1-0"]
[WhiteElo "1686"]
[BlackElo "1177"]
[PlyCount "53"]
[EventDate "2006.10.01"]
[EventType "tourn (corr)"]
[EventRounds "6"]
[SourceTitle "Corr 2011"]
[Source "ChessBase"]
[SourceDate "2010.08.31"]
[SourceVersion "1"]
[SourceVersionDate "2010.08.31"]
[SourceQuality "1"]

1. e4 e5 2. Nc3 Bc5 3. f4 d6 4. Nf3 Nf6 5. Bc4 Be6 6. Bxe6 fxe6 7. fxe5 dxe5 8. d3 0-0 9. Nxe5 Qd4 10. Ng4 Nxg4 11. Qxg4 Qf2+ 12. Kd1 Rf6 13. Qh3 Nd7 14. Re1 Rg6 15. g4 Ne5 16. g5 Qf3+ 17. Qxf3 Nxf3 18. Rh1 Nxg5 19. Bf4 Nh3 20. Bg3 Nf2+ 21. Bxf2 Bxf2 22. Kd2 Rg2 23. Ne2 Rf8 24. Raf1 c5 25. b3 b5 26. c4 bxc4 27. bxc4 1-0

[Event "IECC CL4-2005.15 email"]
[Site "IECC email"]
[Date "2006.01.28"]
[Round "?"]
[White "Dooms, Stefan"]
[Black "Gould, Michael"]
[Result "0-1"]
[WhiteElo "1470"]
[BlackElo "1684"]
[PlyCount "44"]
[EventDate "2006.??.??"]
[EventType "tourn (corr)"]
[EventRounds "4"]
[SourceTitle "Corr 2008"]
[Source "ChessBase"]
[SourceDate "2008.06.24"]
[SourceVersion "1"]
[SourceVersionDate "2008.06.24"]
[SourceQuality "1"]

1. e4 d6 2. d4 Nf6 3. Nc3 g6 4. f4 Bg7 5. Nf3 c5 6. dxc5 Qa5 7. Bb5+ Bd7 8. Bd3 Qxc5 9. Qe2 Bg4 10. Be3 Qa5 11. 0-0 0-0 12. h3 Bxf3 13. Rxf3 Nc6 14. a3 Nd7 15. Qd2 Rac8 16. Rff1 Qd8 17. Rab1 a6 18. Ne2 e6 19. c3 Qc7 20. Rbc1 Na5 21. Qd1 Nc4 22. Bxc4 Qxc4 0-1

[Event "IECC CL4-2004.16 email"]
[Site "IECC email"]
[Date "2004.11.20"]
[Round "?"]
[White "Winkel, Bjarne"]
[Black "Gould, Michael"]
[Result "1-0"]
[WhiteElo "1815"]
[BlackElo "1740"]
[PlyCount "85"]
[EventDate "2004.??.??"]
[EventType "tourn (corr)"]
[EventRounds "4"]
[SourceTitle "Corr 2008"]
[Source "ChessBase"]
[SourceDate "2008.06.24"]
[SourceVersion "1"]
[SourceVersionDate "2008.06.24"]
[SourceQuality "1"]

1. e4 d6 2. Nc3 g6 3. d4 Nf6 4. Be2 Bg7 5. Nf3 0-0 6. 0-0 Bg4 7. h3 Bxf3 8. Bxf3 Nc6 9. Ne2 e5 10. d5 Ne7 11. Bg5 Kh8 12. Bxf6 Bxf6 13. c4 Bg7 14. Qc2 c6 15. dxc6 Nxc6 16. Rfd1 Qe7 17. Qd3 Rad8 18. Rac1 a5 19. Rb1 Nd4 20. Nxd4 exd4 21. Kh2 Qc7 22. Kh1 b6 23. b4 axb4 24. Rxb4 Ra8 25. a3 Be5 26. Rdb1 Ra6 27. g3 h5 28. R1b3 Kg7 29. Rb5 Rc8 30. Be2 Rh8 31. a4 Rxa4 32. Rxb6 Raa8 33. Rb7 Qc6 34. R3b6 Qc5 35. Rb5 Qc6 36. Kg2 Rhc8 37. f4 Rc7 38. Rxc7 Qxc7 39. fxe5 dxe5 40. Qb3 Ra5 41. c5 Ra7 42. Qd5 f6 43. c6 1-0

[Event "IECC KO-3039"]
[Site "IECC email"]
[Date "2004.07.02"]
[Round "?"]
[White "Leenders, Chris"]
[Black "Gould, Michael"]
[Result "1/2-1/2"]
[WhiteElo "1900"]
[BlackElo "1752"]
[PlyCount "83"]
[EventDate "2004.??.??"]
[EventType "match (corr)"]
[EventRounds "2"]
[SourceTitle "Corr 2020"]
[Source "ChessBase"]
[SourceDate "2019.09.30"]
[SourceVersion "1"]
[SourceVersionDate "2019.09.30"]
[SourceQuality "1"]
[WhiteTeam "Netherlands"]
[BlackTeam "United States"]
[WhiteTeamCountry "NED"]
[BlackTeamCountry "USA"]

1. e4 d6 2. d4 Nf6 3. Nc3 g6 4. Nf3 Bg7 5. Be2 0-0 6. 0-0 Bg4 7. Be3 Nc6 8. d5 Nb8 9. h3 Bxf3 10. Bxf3 c6 11. Qd2 Qc7 12. Rad1 cxd5 13. exd5 Nbd7 14. Rfe1 a6 15. Bd4 Rfe8 16. Qf4 b5 17. Rd2 b4 18. Na4 a5 19. Rde2 Rab8 20. c3 Kf8 21. b3 bxc3 22. Bxc3 Ng8 23. Rc2 Bxc3 24. Rxc3 Qb7 25. Rce3 Qb4 26. Re4 Qa3 27. Qd2 Ngf6 28. Rh4 Kg8 29. Nc3 Ne5 30. Ne4 Nxe4 31. Rhxe4 Rb4 32. Rc1 Rxe4 33. Bxe4 Nd7 34. Bf3 Nc5 35. Be2 Rb8 36. Rc4 Rb4 37. g3 Rxc4 38. Bxc4 Qb4 39. Qe3 Kf8 40. Kg2 a4 41. Qd4 Kg8 42. Qe3 1/2-1/2

[Event "P-3698"]
[Site "IECC email"]
[Date "2004.06.05"]
[Round "?"]
[White "Gould, Michael"]
[Black "Lewis, Matt"]
[Result "1/2-1/2"]
[WhiteElo "1759"]
[BlackElo "1995"]
[PlyCount "71"]
[EventDate "2004.??.??"]
[EventType "tourn (corr)"]
[SourceTitle "Corr 2020"]
[Source "ChessBase"]
[SourceDate "2019.09.30"]
[SourceVersion "1"]
[SourceVersionDate "2019.09.30"]
[SourceQuality "1"]
[WhiteTeam "United States"]
[BlackTeam "United States"]
[WhiteTeamCountry "USA"]
[BlackTeamCountry "USA"]

1. e4 e5 2. Nf3 Nf6 3. d4 Nxe4 4. Bd3 d5 5. Nxe5 Bd6 6. 0-0 0-0 7. c4 Bxe5 8. dxe5 Nc6 9. cxd5 Qxd5 10. Qc2 Nb4 11. Bxe4 Nxc2 12. Bxd5 Bf5 13. g4 Bxg4 14. Be4 Nxa1 15. Bf4 f6 16. Rc1 fxe5 17. Bxe5 Rae8 18. f4 c6 19. Nc3 g5 20. Rxa1 gxf4 21. Bd4 a6 22. Kf2 Rd8 23. Rg1 h5 24. Bc5 Rd2+ 25. Ke1 Rxh2 26. Bxf8 Kxf8 27. Rg2 Rxg2 28. Bxg2 h4 29. Kf2 Ke7 30. Bf3 Bf5 31. Ne2 Kf6 32. Nxf4 Kg5 33. Ne2 Be6 34. a3 a5 35. Nc3 Kf4 36. Ne2+ 1/2-1/2

[Event "IECC CL2-2003.21 email"]
[Site "IECC email"]
[Date "2003.07.30"]
[Round "?"]
[White "Gould, Michael"]
[Black "Wozniak, Zbigniew"]
[Result "1-0"]
[WhiteElo "1831"]
[BlackElo "1877"]
[PlyCount "77"]
[EventDate "2003.??.??"]
[EventType "tourn (corr)"]
[EventRounds "4"]
[SourceTitle "Corr 2008"]
[Source "ChessBase"]
[SourceDate "2008.06.24"]
[SourceVersion "1"]
[SourceVersionDate "2008.06.24"]
[SourceQuality "1"]

1. e4 c5 2. d4 cxd4 3. c3 dxc3 4. Nxc3 Nc6 5. Nf3 d6 6. Bc4 e6 7. 0-0 Nf6 8. Qe2 a6 9. Rd1 Qc7 10. Bf4 Be7 11. Rac1 Qb8 12. h3 Nd7 13. Qd2 Nde5 14. Nxe5 Nxe5 15. Bb3 0-0 16. Bg5 Bxg5 17. Qxg5 b5 18. Rd2 a5 19. Kh1 b4 20. Ne2 a4 21. Bd1 Bb7 22. f4 Ng6 23. f5 Ra5 24. Bc2 Rc8 25. Qg3 Ne5 26. Nf4 Bxe4 27. fxe6 b3 28. axb3 axb3 29. Bxe4 Rxc1+ 30. Kh2 fxe6 31. Nxe6 g6 32. Bd5 Rf1 33. Rf2 Rxf2 34. Qxf2 Rxd5 35. Qf6 Nf3+ 36. gxf3 Rd2+ 37. Kg3 d5+ 38. f4 Rd3+ 39. Kg2 1-0

[Event "IECC CL2-2003.21 email"]
[Site "IECC email"]
[Date "2003.07.30"]
[Round "?"]
[White "Makowski, Tomasz"]
[Black "Gould, Michael"]
[Result "1-0"]
[WhiteElo "2010"]
[BlackElo "1829"]
[PlyCount "81"]
[EventDate "2003.??.??"]
[EventType "tourn (corr)"]
[EventRounds "4"]
[SourceTitle "Corr 2008"]
[Source "ChessBase"]
[SourceDate "2008.06.24"]
[SourceVersion "1"]
[SourceVersionDate "2008.06.24"]
[SourceQuality "1"]

1. d4 Nf6 2. c4 g6 3. Nc3 d5 4. cxd5 Nxd5 5. e4 Nxc3 6. bxc3 Bg7 7. Bc4 c5 8. Ne2 Nc6 9. Be3 0-0 10. 0-0 Bg4 11. f3 Na5 12. Bd3 cxd4 13. cxd4 Be6 14. Rc1 Bxa2 15. Qa4 Bb3 16. Qb4 b6 17. Ba6 f5 18. Rc3 Be6 19. e5 Bc8 20. Bd3 e6 21. Rfc1 Bd7 22. Nf4 Qe8 23. Bb1 Nc6 24. Qd6 Nd8 25. Ba2 Rf7 26. Qb4 Kh8 27. Rc7 Bf8 28. Qb2 Rg7 29. d5 g5 30. Ne2 h6 31. d6 Rg6 32. g4 f4 33. Bb1 Rg7 34. Bf2 Bc6 35. Qc2 Bd7 36. Qe4 Rb8 37. Rxa7 h5 38. Nd4 hxg4 39. fxg4 b5 40. Rcc7 b4 41. Qd3 1-0

[Event "IECC P email"]
[Site "IECC email"]
[Date "2003.05.31"]
[Round "?"]
[White "Gould, Michael"]
[Black "Corbat, Philippe"]
[Result "0-1"]
[WhiteElo "1841"]
[BlackElo "2038"]
[PlyCount "70"]
[EventDate "2003.??.??"]
[EventType "tourn (corr)"]
[EventRounds "6"]
[SourceTitle "Corr 2008"]
[Source "ChessBase"]
[SourceDate "2008.06.24"]
[SourceVersion "1"]
[SourceVersionDate "2008.06.24"]
[SourceQuality "1"]

1. e4 d5 2. exd5 Nf6 3. d4 Bg4 4. f3 Bf5 5. Bb5+ Nbd7 6. c4 a6 7. Ba4 b5 8. cxb5 Nxd5 9. bxa6 Rxa6 10. Bd2 e6 11. Ne2 Bd6 12. 0-0 0-0 13. Nbc3 N7b6 14. Bb5 Ra7 15. Ne4 c6 16. Bxc6 Bxh2+ 17. Kxh2 Qc7+ 18. N2g3 Qxc6 19. b3 Ra3 20. Nxf5 exf5 21. Ng3 Qf6 22. Ne2 Qh4+ 23. Kg1 Re8 24. Rf2 f4 25. Qc1 Raa8 26. Be1 Re6 27. Rf1 Qg5 28. Qd2 Rh6 29. Bg3 Ne3 30. Rfe1 fxg3 31. Nxg3 Qxg3 32. Qxe3 Qh2+ 33. Kf2 Re6 34. Qd2 Rg6 35. Rg1 Nd5 0-1

[Event "IECC KO email"]
[Site "IECC email"]
[Date "2003.05.29"]
[Round "?"]
[White "Newton, Hobart E"]
[Black "Gould, Michael"]
[Result "1/2-1/2"]
[WhiteElo "1945"]
[BlackElo "1825"]
[PlyCount "105"]
[EventDate "2003.??.??"]
[EventType "tourn (corr)"]
[EventRounds "6"]
[SourceTitle "Corr 2008"]
[Source "ChessBase"]
[SourceDate "2008.06.24"]
[SourceVersion "1"]
[SourceVersionDate "2008.06.24"]
[SourceQuality "1"]

1. e4 d6 2. d4 Nf6 3. Nc3 g6 4. Bd3 Bg7 5. Nf3 0-0 6. 0-0 Bg4 7. Be2 Nc6 8. h3 Bxf3 9. Bxf3 e5 10. d5 Nd4 11. Bg5 h6 12. Bh4 Qe8 13. Be2 Nxe2+ 14. Qxe2 a6 15. Qc4 Rc8 16. f3 Nd7 17. Qb4 Rb8 18. Bf2 Qc8 19. Rad1 Kh7 20. Rfe1 b6 21. Qc4 Qb7 22. Ne2 b5 23. Qd3 Rfc8 24. Qd2 Nb6 25. b3 c6 26. dxc6 Rxc6 27. c3 Rbc8 28. Qc2 Qd7 29. Rd2 Qe6 30. Red1 Qd7 31. Qc1 Bf8 32. Qa3 Qb7 33. Qa5 Be7 34. Rd3 Nd7 35. Kh2 Qc7 36. Qxc7 R6xc7 37. g4 Nc5 38. Rd5 Ne6 39. Bb6 Rc6 40. Ba5 Nc5 41. Bb4 Nb7 42. R1d3 Bf8 43. Ba3 Nc5 44. Rd2 Nb7 45. Bb4 Be7 46. Kg1 R8c7 47. Kf2 Bh4+ 48. Kf1 Bg5 49. Rd1 Be7 50. R1d3 Rc8 51. Kg2 Kg7 52. Kh2 Kh7 53. Kg1 1/2-1/2

[Event "IECC M email"]
[Site "IECC email"]
[Date "2003.05.25"]
[Round "?"]
[White "Coyne, David W"]
[Black "Gould, Michael"]
[Result "1-0"]
[WhiteElo "1895"]
[BlackElo "1843"]
[PlyCount "57"]
[EventDate "2003.??.??"]
[EventType "tourn (corr)"]
[EventRounds "6"]
[SourceTitle "Corr 2008"]
[Source "ChessBase"]
[SourceDate "2008.06.24"]
[SourceVersion "1"]
[SourceVersionDate "2008.06.24"]
[SourceQuality "1"]

1. c4 Nf6 2. Nc3 d5 3. cxd5 Nxd5 4. g3 g6 5. Nf3 Bg7 6. Bg2 Nxc3 7. bxc3 0-0 8. 0-0 c5 9. Rb1 Nc6 10. Qa4 Qc7 11. d4 cxd4 12. cxd4 Bf5 13. Bf4 Qc8 14. Rb5 Be4 15. Rd1 a6 16. Rc5 b6 17. Rcc1 b5 18. Qb3 e6 19. Ne5 Bxg2 20. Kxg2 Bxe5 21. dxe5 Qb7 22. Qf3 Na5 23. e4 Rfc8 24. Rxc8+ Rxc8 25. Bh6 f5 26. exf6 Nc4 27. Qd3 Ne5 28. Qd8+ Kf7 29. Qd4 1-0

[Event "IECC M email"]
[Site "IECC email"]
[Date "2003.05.25"]
[Round "?"]
[White "Gould, Michael"]
[Black "Coyne, David W"]
[Result "0-1"]
[WhiteElo "1830"]
[BlackElo "1908"]
[PlyCount "62"]
[EventDate "2003.??.??"]
[EventType "tourn (corr)"]
[EventRounds "6"]
[SourceTitle "Corr 2008"]
[Source "ChessBase"]
[SourceDate "2008.06.24"]
[SourceVersion "1"]
[SourceVersionDate "2008.06.24"]
[SourceQuality "1"]

1. e4 c5 2. d4 cxd4 3. c3 dxc3 4. Nxc3 Nc6 5. Nf3 d6 6. Bc4 a6 7. 0-0 Nf6 8. Bg5 h6 9. Bf4 g5 10. Be3 Bg7 11. a3 0-0 12. Rc1 Ng4 13. Nxg5 hxg5 14. Bxg5 Qa5 15. Bd5 Bd7 16. Qd2 e6 17. Ba2 Nd4 18. h3 Ne5 19. f4 Nec6 20. Qe3 f6 21. Bh4 Qh5 22. Bf2 f5 23. Kh2 Kh8 24. exf5 Qxf5 25. Bg3 Qg6 26. Qd2 e5 27. Nd5 Be6 28. b4 Bh6 29. Nc7 Bxa2 30. Qxa2 Rg8 31. Rc3 Rac8 0-1

[Event "IECC CL3-2002.38"]
[Site "IECC email"]
[Date "2002.12.30"]
[Round "?"]
[White "Gould, Michael"]
[Black "Gosme, Emile"]
[Result "1-0"]
[WhiteElo "1807"]
[BlackElo "1922"]
[PlyCount "111"]
[EventDate "2002.??.??"]
[EventType "tourn (corr)"]
[EventRounds "4"]
[SourceTitle "Corr 2008"]
[Source "ChessBase"]
[SourceDate "2008.06.24"]
[SourceVersion "1"]
[SourceVersionDate "2008.06.24"]
[SourceQuality "1"]

1. e4 c5 2. d4 cxd4 3. c3 dxc3 4. Nxc3 Nc6 5. Nf3 d6 6. Bc4 e6 7. 0-0 Nf6 8. Qe2 Be7 9. Rd1 e5 10. Be3 a6 11. b4 0-0 12. Rac1 Bg4 13. a3 Rc8 14. h3 Bh5 15. g4 Nxg4 16. hxg4 Bxg4 17. Nd5 b5 18. Ba2 Kh8 19. Kg2 f5 20. Rh1 fxe4 21. Rxh7+ Kxh7 22. Ng5+ Bxg5 23. Rh1+ Bh6 24. Qxg4 Nd4 25. Bb1 Nc2 26. Qxe4+ Kg8 27. Bxc2 Rxc2 28. Qxc2 Bxe3 29. Qh7+ Kf7 30. Qh5+ Ke6 31. Nxe3 Qf6 32. Qg4+ Kf7 33. Rh5 Kg8 34. Rf5 Qh6 35. Rxf8+ Kxf8 36. Qc8+ Kf7 37. Qxa6 Qg6+ 38. Kf3 Qh5+ 39. Kg3 Qg6+ 40. Ng4 Qd3+ 41. f3 Ke6 42. Qc8+ Kd5 43. Qg8+ Kd4 44. Qe6 Kc3 45. Nf2 Qd4 46. Qxd6 Qxd6 47. Ne4+ Kb3 48. Nxd6 Kxa3 49. Nxb5+ Kxb4 50. Nd6 Kc3 51. Ne4+ Kd4 52. Kf2 Kd5 53. Ng5 Kd6 54. Ke3 Ke7 55. Ke4 Kf6 56. Nh7+ 1-0

[Event "IECC P email"]
[Site "IECC email"]
[Date "2001.07.10"]
[Round "?"]
[White "Magalhaes, Joao Flavio"]
[Black "Gould, Michael"]
[Result "0-1"]
[WhiteElo "1505"]
[BlackElo "1738"]
[PlyCount "50"]
[EventDate "2001.??.??"]
[EventType "tourn (corr)"]
[EventRounds "6"]
[SourceTitle "Corr 2008"]
[Source "ChessBase"]
[SourceDate "2008.06.24"]
[SourceVersion "1"]
[SourceVersionDate "2008.06.24"]
[SourceQuality "1"]

1. e4 e5 2. Nf3 Nc6 3. Bc4 Bc5 4. d3 Nf6 5. Bg5 d6 6. Nc3 h6 7. Bh4 g5 8. Bg3 Na5 9. Qe2 Nxc4 10. dxc4 Bd7 11. Qd3 a6 12. Nd2 Ba7 13. Nd5 Nh5 14. Nb3 c6 15. Nc3 Be6 16. Rd1 Nxg3 17. hxg3 Qb6 18. 0-0 0-0-0 19. a3 h5 20. Rd2 f6 21. Re1 h4 22. gxh4 Rxh4 23. g3 Rhh8 24. Kg2 Qc7 25. Kf3 Qf7 0-1

[Event "IECC KO email"]
[Site "IECC email"]
[Date "2000.08.25"]
[Round "?"]
[White "Gould, Michael"]
[Black "Sveinsson, Jon Arni"]
[Result "0-1"]
[WhiteElo "1572"]
[BlackElo "1905"]
[PlyCount "66"]
[EventDate "2000.??.??"]
[EventType "tourn (corr)"]
[EventRounds "6"]
[SourceTitle "Corr 2008"]
[Source "ChessBase"]
[SourceDate "2008.06.24"]
[SourceVersion "1"]
[SourceVersionDate "2008.06.24"]
[SourceQuality "1"]

1. e4 c5 2. d4 cxd4 3. c3 dxc3 4. Nxc3 Nc6 5. Nf3 e6 6. Bc4 Nf6 7. 0-0 Qc7 8. Qe2 a6 9. Rd1 Bc5 10. h3 b5 11. Bb3 d6 12. Bg5 Bb7 13. Bxf6 gxf6 14. Rac1 Rg8 15. Qd2 f5 16. exf5 Ne5 17. Nxe5 dxe5 18. fxe6 fxe6 19. g4 Qc6 20. Nd5 exd5 21. Bxd5 Qxd5 22. Qxd5 Bxd5 23. Rxd5 Bd4 24. Rc7 Rd8 25. Rxd8+ Kxd8 26. Rxh7 Rf8 27. Rh6 Kd7 28. a4 Rxf2 29. Kh1 e4 30. Rh5 Rd2 31. axb5 e3 32. Rd5+ Ke7 33. Rxd4 Rxd4 0-1

[Event "IECC CL5-2000.10"]
[Site "IECC email"]
[Date "2000.02.03"]
[Round "?"]
[White "Gould, Michael"]
[Black "Strand, Herbert"]
[Result "0-1"]
[WhiteElo "1568"]
[BlackElo "1407"]
[PlyCount "88"]
[EventDate "2000.??.??"]
[EventType "tourn (corr)"]
[EventRounds "4"]
[SourceTitle "Corr 2008"]
[Source "ChessBase"]
[SourceDate "2008.06.24"]
[SourceVersion "1"]
[SourceVersionDate "2008.06.24"]
[SourceQuality "1"]

1. e4 e5 2. Nf3 Nc6 3. d4 exd4 4. Nxd4 Nf6 5. Nxc6 bxc6 6. e5 Qe7 7. Qe2 Nd5 8. c4 Ba6 9. b3 0-0-0 10. g3 f6 11. Bb2 fxe5 12. Bg2 Re8 13. Nd2 Qf6 14. f4 Bb4 15. 0-0 exf4 16. Qxe8+ Rxe8 17. Bxf6 Nxf6 18. Nf3 Bc5+ 19. Kh1 fxg3 20. hxg3 Ne4 21. Kh2 Bd6 22. Rad1 Bxg3+ 23. Kh3 Bd6 24. Nd4 Bc5 25. Bxe4 Rxe4 26. Nf5 g6 27. Ng3 Re3 28. Rfe1 Kd8 29. Rxe3 Bxe3 30. Rf1 d5 31. Rf8+ Ke7 32. Rh8 h5 33. Rh7+ Kd6 34. Rg7 dxc4 35. Rxg6+ Kd5 36. bxc4+ Bxc4 37. Rg7 Bxa2 38. Rxc7 a5 39. Ne2 Bc4 40. Nc3+ Kd6 41. Rh7 Kc5 42. Rxh5+ Kb4 43. Kg2 Kxc3 44. Rxa5 Kd2 0-1